[Event "22nd European Club Cup 2006"]
[Site "?"]
[Date "2006.10.14"]
[Round "7"]
[White "Korotylev, Alexey"]
[Black "Smirnov, Pavel"]
[Result "1/2-1/2"]
[WhiteElo "2613"]
[BlackElo "2623"]
[PlyCount "100"]
[EventDate "2006.10.08"]

1. d4 Nf6 2. c4 e6 3. Nf3 d5 4. Nc3 dxc4 5. e4 Bb4 6. Bg5 c5 7. Bxc4 cxd4 8.
Nxd4 Bxc3+ 9. bxc3 Qa5 10. Bb5+ Bd7 11. Bxf6 gxf6 12. Bxd7+ Nxd7 13. O-O a6 14.
Rb1 Qc7 15. Qd2 Rc8 16. Rfd1 b5 17. Qh6 Ke7 18. f4 Rhg8 19. f5 e5 20. Nc2 Qxc3
21. Ne3 Nb6 22. h3 Rgd8 23. Ng4 Rxd1+ 24. Rxd1 Rc6 25. Kh2 Qc2 26. Re1 Qxa2 27.
Nxe5 Rc2 28. Rg1 Qa3 29. Ng4 Qd6+ 30. e5 fxe5 31. f6+ Kd7 32. Qxh7 e4+ 33. Kh1
Qe6 34. Re1 Rc4 35. Nh6 Qxf6 36. Nxf7 Kc6 37. Rxe4 Rxe4 38. Qxe4+ Nd5 39. Ne5+
Kd6 40. Nf3 a5 41. Qe8 Nc7 42. Qb8 Kc6 43. Qa7 a4 44. h4 Qc3 45. h5 a3 46. Kh2
Qc1 47. Nd4+ Kd5 48. Nb3 Qc4 49. Qxa3 Qh4+ 50. Kg1 Qe1+ 1/2-1/2

[Event "22nd European Club Cup 2006"]
[Site "?"]
[Date "2006.10.14"]
[Round "7"]
[White "Filippov, Valerij"]
[Black "Tregubov, Pavel V"]
[Result "0-1"]
[WhiteElo "2562"]
[BlackElo "2596"]
[PlyCount "90"]
[EventDate "2006.10.08"]

1. Nf3 c5 2. c4 Nc6 3. Nc3 e5 4. g3 g6 5. Bg2 Bg7 6. O-O d6 7. a3 Nge7 8. d3
O-O 9. Rb1 a5 10. Ne1 Be6 11. Bg5 f6 12. Be3 b6 13. Nc2 d5 14. cxd5 Nxd5 15.
Nxd5 Bxd5 16. Bxd5+ Qxd5 17. b4 axb4 18. axb4 f5 19. bxc5 f4 20. Bc1 bxc5 21.
Rb5 Ra5 22. Rxa5 Nxa5 23. Na3 f3 24. exf3 Nc6 25. Be3 Nb4 26. Nc4 Rxf3 27. Nb6
Qf7 28. Qe2 Bf8 29. Ra1 Rf6 30. Ra8 Qc7 31. Nc4 Qb7 32. Re8 Qd7 33. Bg5 Rxf2
34. Qxe5 Nxd3 35. Qe4 Rf5 36. Be3 Ne5 37. Qxf5 Qxf5 38. Rxe5 Qb1+ 39. Kg2 Qc2+
40. Nd2 c4 41. Re8 Kf7 42. Rc8 c3 43. Rc7+ Ke6 44. Rc6+ Kd7 45. Rc4 Qd3 0-1

[Event "22nd European Club Cup 2006"]
[Site "?"]
[Date "2006.10.14"]
[Round "7"]
[White "Iljin, Artem"]
[Black "Apicella, Manuel"]
[Result "1-0"]
[WhiteElo "2513"]
[BlackElo "2538"]
[PlyCount "61"]
[EventDate "2006.10.08"]

1. d4 e6 2. c4 d5 3. Nf3 c6 4. Qc2 Bd6 5. Bg5 f6 6. Bh4 Ne7 7. Bg3 Nf5 8. Bxd6
Nxd6 9. Nbd2 O-O 10. g3 Nd7 11. Bg2 f5 12. O-O Qf6 13. e3 Kh8 14. Qc3 Nf7 15.
Rfc1 a5 16. Qa3 b6 17. Ne1 Ba6 18. Nd3 Rac8 19. b4 Bxc4 20. Nxc4 dxc4 21. Rxc4
e5 22. bxa5 e4 23. Nf4 Ra8 24. Qc3 c5 25. Nd5 Qh6 26. Nxb6 Nxb6 27. axb6 cxd4
28. Qxd4 Rfb8 29. Rac1 Nd8 30. Qd7 Qg6 31. Bh3 1-0

[Event "22nd European Club Cup 2006"]
[Site "?"]
[Date "2006.10.14"]
[Round "7"]
[White "Shirov, Alexei"]
[Black "Areshchenko, Alexander"]
[Result "1-0"]
[WhiteElo "2720"]
[BlackElo "2640"]
[PlyCount "89"]
[EventDate "2006.10.08"]

1. e4 c5 2. Nf3 d6 3. d4 cxd4 4. Nxd4 Nf6 5. Nc3 a6 6. Be3 e5 7. Nb3 Be6 8. f3
Be7 9. Qd2 O-O 10. O-O-O Nbd7 11. g4 Qc7 12. g5 Nh5 13. Kb1 b5 14. Nd5 Bxd5 15.
exd5 Nb6 16. Na5 Nxd5 17. Qxd5 Qxa5 18. c4 Rab8 19. Bd3 Qb4 20. Bd2 Qa4 21.
Rhe1 bxc4 22. Bxc4 Rbc8 23. b3 Qd7 24. Bxa6 Ra8 25. Bb5 Qa7 26. a4 Nf4 27. Bxf4
exf4 28. Qd4 Bxg5 29. Qxa7 Rxa7 30. Rxd6 Rb8 31. Red1 Kf8 32. Rd7 Rbb7 33. Rxb7
Rxb7 34. Rd5 Bh4 35. a5 Bf2 36. Kc2 g6 37. b4 Rc7+ 38. Kb3 Rc1 39. Bd3 Ra1 40.
Rd7 h5 41. Bc4 Ke8 42. Rb7 Kd8 43. Bxf7 Kc8 44. Re7 Rb1+ 45. Ka4 1-0

[Event "22nd European Club Cup 2006"]
[Site "?"]
[Date "2006.10.14"]
[Round "7"]
[White "Hracek, Zbynek"]
[Black "Akopian, Vladimir"]
[Result "1/2-1/2"]
[WhiteElo "2614"]
[BlackElo "2713"]
[PlyCount "51"]
[EventDate "2006.10.08"]

1. e4 e5 2. Nf3 Nc6 3. Bb5 a6 4. Ba4 Nf6 5. O-O Be7 6. d3 b5 7. Bb3 d6 8. a4
Bg4 9. Nbd2 Nd4 10. Ba2 c6 11. h3 Bh5 12. g4 Nxf3+ 13. Nxf3 Bg6 14. Nh4 d5 15.
Nxg6 hxg6 16. Qf3 O-O 17. axb5 axb5 18. Be3 d4 19. Bd2 Nd7 20. c3 dxc3 21. Bxc3
Bg5 22. b4 Ra3 23. Bb2 Ra4 24. Bc3 Ra3 25. Bb2 Ra4 26. Bc3 1/2-1/2

[Event "22nd European Club Cup 2006"]
[Site "?"]
[Date "2006.10.14"]
[Round "7"]
[White "Grischuk, Alexander"]
[Black "Babula, Vlastimil"]
[Result "1/2-1/2"]
[WhiteElo "2710"]
[BlackElo "2584"]
[PlyCount "151"]
[EventDate "2006.10.08"]

1. d4 Nf6 2. c4 e6 3. Nf3 Bb4+ 4. Nbd2 O-O 5. a3 Be7 6. e4 d5 7. e5 Nfd7 8. b4
a5 9. b5 c5 10. Bb2 b6 11. a4 Bb7 12. Be2 cxd4 13. O-O d3 14. Bxd3 Nc5 15. Bc2
Nbd7 16. Re1 Rc8 17. Nd4 g6 18. Qg4 Bg5 19. N2f3 Bh6 20. Nc6 Bxc6 21. bxc6 Nb8
22. Rad1 Nxc6 23. cxd5 exd5 24. e6 f5 25. Qg3 Ne4 26. Bxe4 fxe4 27. Ne5 Bg7 28.
Rxe4 dxe4 29. Rxd8 Rfxd8 30. Qb3 Ne7 31. h3 Rd2 32. Nc4 Rxc4 33. Qxc4 Bxb2 34.
Qxe4 Rd6 35. Qf3 Rxe6 36. Qb3 Kf7 37. Qxb2 h5 38. Qb3 Kf6 39. g3 Rd6 40. Kg2
Re6 41. Qc3+ Kf7 42. Qc4 Kf6 43. Qf4+ Kg7 44. g4 hxg4 45. hxg4 Rc6 46. Kg3 Kg8
47. f3 Kg7 48. Qd4+ Kf7 49. f4 Kf8 50. Qh8+ Kf7 51. Kf3 Re6 52. Qd4 Kf8 53. Qc4
Rc6 54. Qb3 Rf6 55. Ke4 Kg7 56. Qb2 Kf7 57. Qd4 Re6+ 58. Kd3 Rc6 59. Qh8 Rf6
60. Qh7+ Ke8 61. Qh6 Rc6 62. Qg7 Rc5 63. Ke2 Rc6 64. Kf3 Re6 65. Kg3 Rc6 66.
Kh4 Rd6 67. Kg5 Rc6 68. Kh6 Re6 69. Kh7 Rc6 70. Qh8+ Kf7 71. Qd4 Kf8 72. f5
gxf5 73. Qh8+ Kf7 74. Qg7+ Ke8 75. Qh8+ Kf7 76. Qg7+ 1/2-1/2

[Event "22nd European Club Cup 2006"]
[Site "?"]
[Date "2006.10.14"]
[Round "7"]
[White "Naumann, Alexander"]
[Black "Eljanov, Pavel"]
[Result "0-1"]
[WhiteElo "2542"]
[BlackElo "2658"]
[PlyCount "104"]
[EventDate "2006.10.08"]

1. e4 c5 2. Nf3 Nc6 3. d4 cxd4 4. Nxd4 Nf6 5. Nc3 e5 6. Ndb5 d6 7. Bg5 a6 8.
Na3 b5 9. Nd5 Be7 10. Bxf6 Bxf6 11. c3 Bg5 12. Nc2 Ne7 13. a4 bxa4 14. Ncb4 O-O
15. Qxa4 a5 16. Nxe7+ Qxe7 17. Nd5 Qb7 18. Qb5 Qxb5 19. Bxb5 Rb8 20. c4 f5 21.
exf5 Bxf5 22. O-O Bd3 23. Rfd1 Bc2 24. Re1 Bb3 25. Ne3 a4 26. Bxa4 Bxa4 27.
Rxa4 Rxb2 28. f3 e4 29. Nd1 Rb1 30. fxe4 Be3+ 31. Kh1 Bf2 32. Rf1 Bd4 33. Re1
Rf2 34. Ra8+ Kf7 35. Ra3 Rd2 36. Rf1+ Ke6 37. Ne3 Rdb2 38. Nd1 Rc2 39. Rd3 Rxc4
40. g3 Bc5 41. Ne3 Rxf1+ 42. Nxf1 Rxe4 43. Nd2 Re3 44. Rxe3+ Bxe3 45. Nf1 Bc1
46. Kg2 Ke5 47. Kf3 d5 48. h3 d4 49. Nh2 h5 50. h4 Bh6 51. Kg2 Ke4 52. Kf2 Be3+
0-1

[Event "22nd European Club Cup 2006"]
[Site "?"]
[Date "2006.10.14"]
[Round "7"]
[White "Hoffmann, Michael"]
[Black "Sutovsky, Emil"]
[Result "1/2-1/2"]
[WhiteElo "2477"]
[BlackElo "2607"]
[PlyCount "59"]
[EventDate "2006.10.08"]

1. e4 c5 2. Nf3 d6 3. d4 cxd4 4. Nxd4 Nf6 5. Nc3 a6 6. Bg5 e6 7. f4 Qc7 8. Bxf6
gxf6 9. Qd2 Nc6 10. O-O-O Bd7 11. Kb1 O-O-O 12. Be2 h5 13. Rhf1 Be7 14. Nf5 Be8
15. Ng7 h4 16. f5 Bf8 17. Nxe8 Rxe8 18. fxe6 fxe6 19. Bg4 Qg7 20. Bh3 Kb8 21.
Qf2 Rh6 22. Ne2 Qg5 23. Nd4 Nxd4 24. Qxd4 Rg6 25. a3 Ka8 26. Rf3 Qa5 27. Rdd3
Qe1+ 28. Rd1 Qa5 29. Rdd3 Qe1+ 30. Rd1 1/2-1/2

[Event "22nd European Club Cup 2006"]
[Site "?"]
[Date "2006.10.14"]
[Round "7"]
[White "Khenkin, Igor"]
[Black "Wegerle, Joerg"]
[Result "1/2-1/2"]
[WhiteElo "2620"]
[BlackElo "2411"]
[PlyCount "143"]
[EventDate "2006.10.08"]

1. d4 e6 2. c4 Nf6 3. Nf3 b6 4. Nc3 Bb4 5. Bg5 Bb7 6. Nd2 c5 7. d5 Bxc3 8. bxc3
h6 9. Bh4 Qe7 10. Qc2 d6 11. O-O-O Nbd7 12. dxe6 fxe6 13. f3 O-O-O 14. e3 g5
15. Bg3 Nh5 16. Bf2 Ne5 17. Be2 Nf6 18. Nb1 Rhg8 19. Rhg1 Qf7 20. Bg3 Nh5 21.
Be1 Nf6 22. Bg3 Nh5 23. Be1 Nf6 24. Na3 a6 25. Bg3 Qc7 26. Rd2 h5 27. Rgd1 Qe7
28. Qb1 h4 29. Bxe5 dxe5 30. Qxb6 Rxd2 31. Rxd2 Nd7 32. Qa5 Qd8 33. Qa4 Qc7 34.
Bd3 Nf6 35. h3 Rd8 36. Nb1 Rd6 37. Bg6 Rxd2 38. Nxd2 Qb6 39. Nb3 Kd8 40. Qa3
Nd7 41. Qb2 Ke7 42. e4 Qd6 43. Kc2 Kd8 44. Qa3 Qe7 45. Qa5+ Kc8 46. Bh5 Kb8 47.
Bg4 Kc8 48. Nc1 Qd6 49. Nd3 Qe7 50. Nb2 Qd6 51. Na4 Qc6 52. Nb2 Qd6 53. Bh5 Nf6
54. Bg6 Qc7 55. Qa3 Qe7 56. Nd3 Nd7 57. Bh5 Kc7 58. Qa5+ Kc8 59. Nb2 Qd8 60.
Qa3 Qe7 61. Nd3 Kc7 62. Qa5+ Kc8 63. Kd2 Qd8 64. Qa3 Qe7 65. Ke2 Nf6 66. Bg4
Nd7 67. Qc1 Kc7 68. g3 hxg3 69. Qg1 a5 70. Qxg3 Ba6 71. Nb2 Qd6 72. Qe1 1/2-1/2

[Event "22nd European Club Cup 2006"]
[Site "?"]
[Date "2006.10.14"]
[Round "7"]
[White "Becker, Martin"]
[Black "Moiseenko, Alexander"]
[Result "1/2-1/2"]
[WhiteElo "2315"]
[BlackElo "2632"]
[PlyCount "157"]
[EventDate "2006.10.08"]

1. e4 c5 2. Nf3 Nc6 3. d4 cxd4 4. Nxd4 e5 5. Nb5 d6 6. N1c3 a6 7. Na3 Be7 8.
Nc4 b5 9. Ne3 Nf6 10. Bd3 O-O 11. Ncd5 Nxd5 12. exd5 Nb8 13. g4 Nd7 14. c3 Nc5
15. Bc2 a5 16. h4 e4 17. g5 f5 18. f4 exf3 19. Qxf3 Qe8 20. Qf4 b4 21. Bd2 Ba6
22. c4 Qh5 23. O-O Bc8 24. Rae1 Bd7 25. Bd1 Qf7 26. Bc2 g6 27. a3 b3 28. Bb1
Na4 29. Re2 Qg7 30. Rfe1 Rfe8 31. Nd1 Bf8 32. Rxe8 Bxe8 33. Be3 Qc7 34. Bd3 Bg7
35. Bd4 Bxd4+ 36. Qxd4 Qc5 37. Qxc5 Nxc5 38. Bf1 Kf7 39. Nc3 Bd7 40. Kf2 h6 41.
Be2 Re8 42. Rg1 Rh8 43. Kg3 hxg5 44. hxg5 Ke7 45. Rd1 Kd8 46. Bf3 Kc7 47. Ne2
Kb6 48. Nf4 Ne4+ 49. Bxe4 fxe4 50. Nxg6 Rg8 51. Nf4 Rxg5+ 52. Kf2 Bf5 53. Ke3
Rg3+ 54. Kd4 e3 55. Ne2 Rg2 56. Nc3 e2 57. Re1 Rg4+ 58. Ke3 Rg3+ 59. Kd2 Rd3+
60. Kc1 Bg4 61. Nxe2 Bxe2 62. Rxe2 Rd4 63. Re8 Rxc4+ 64. Kd2 Kc5 65. Kd3 Rh4
66. Ra8 Rh3+ 67. Ke4 a4 68. Rc8+ Kb5 69. Rb8+ Ka5 70. Ra8+ Kb6 71. Rb8+ Ka7 72.
Rb4 Rh4+ 73. Kd3 Rxb4 74. axb4 Kb6 75. Kd2 Ka6 76. Kd3 Kb6 77. Kd2 Ka6 78. Kd3
Kb6 79. Ke4 1/2-1/2

[Event "22nd European Club Cup 2006"]
[Site "?"]
[Date "2006.10.14"]
[Round "7"]
[White "Kogan, Artur"]
[Black "Kniest, Oliver"]
[Result "1/2-1/2"]
[WhiteElo "2564"]
[BlackElo "2262"]
[PlyCount "90"]
[EventDate "2006.10.08"]

1. d4 Nf6 2. c4 e6 3. Nf3 b6 4. Nc3 Bb4 5. Bg5 Bb7 6. Qb3 c5 7. e3 h6 8. Bh4
Nc6 9. dxc5 Bxc5 10. Be2 O-O 11. O-O Be7 12. Rfd1 Rc8 13. Qa4 d6 14. Rac1 a6
15. e4 Qc7 16. Bg3 Qb8 17. h3 Rfd8 18. Rd2 Ne5 19. Qb4 Qc7 20. Nxe5 dxe5 21.
Rxd8+ Qxd8 22. Qb3 Nxe4 23. Nxe4 Bxe4 24. Bxe5 Qd2 25. Qe3 Qxe3 26. fxe3 Rd8
27. Kf2 Bc5 28. a3 a5 29. Bc3 a4 30. Rd1 Rxd1 31. Bxd1 Bc6 32. Bd4 Kf8 33.
Bxc5+ bxc5 34. b3 axb3 35. Bxb3 Ke7 36. Bd1 Kd6 37. h4 Kc7 38. g4 g5 39. hxg5
hxg5 40. Bc2 Kb6 41. e4 Ka5 42. Ke3 e5 43. Kd3 Bd7 44. Bd1 Ba4 45. Bc2 Bd7
1/2-1/2

[Event "22nd European Club Cup 2006"]
[Site "?"]
[Date "2006.10.14"]
[Round "7"]
[White "Nijboer, Friso"]
[Black "Volokitin, Andrei"]
[Result "0-1"]
[WhiteElo "2641"]
[BlackElo "2645"]
[PlyCount "82"]
[EventDate "2006.10.08"]

1. e4 c5 2. Nf3 d6 3. d4 cxd4 4. Nxd4 Nf6 5. Nc3 a6 6. Be2 e6 7. O-O Be7 8. f4
O-O 9. Kh1 Qc7 10. a4 b6 11. e5 dxe5 12. fxe5 Nfd7 13. Bf4 Bb7 14. Bd3 Nc5 15.
Qg4 Nxd3 16. cxd3 Kh8 17. Nf3 Nc6 18. d4 Nb4 19. Rad1 Qc4 20. Ng5 Rad8 21. Qh5
Bxg5 22. Bxg5 Rxd4 23. Rxf7 Rxd1+ 24. Qxd1 Kg8 25. Rxf8+ Kxf8 26. Be3 Nd3 27.
Bxb6 Qc6 28. Qf3+ Qxf3 29. gxf3 Bxf3+ 30. Kg1 Nxb2 31. Kf2 Bc6 32. a5 Nd3+ 33.
Ke3 Nxe5 34. Bc7 Nd7 35. Nb1 e5 36. Na3 Ke7 37. Nc4 Ke6 38. h4 Bd5 39. Nb6 Nf6
40. Kd3 Bc6 41. Kc4 Bb5+ 0-1

[Event "22nd European Club Cup 2006"]
[Site "?"]
[Date "2006.10.14"]
[Round "7"]
[White "Najer, Evgeniy"]
[Black "Goloshchapov, Alexander"]
[Result "1-0"]
[WhiteElo "2648"]
[BlackElo "2552"]
[PlyCount "131"]
[EventDate "2006.10.08"]

1. e4 e6 2. d4 d5 3. Nc3 dxe4 4. Nxe4 Nd7 5. Nf3 Ngf6 6. Bg5 Be7 7. Nxf6+ Bxf6
8. h4 O-O 9. Qd3 c5 10. Qe4 cxd4 11. Bd3 g6 12. O-O-O e5 13. Bxf6 Qxf6 14. Bb5
Qb6 15. Bxd7 Bxd7 16. Nxe5 Bf5 17. Qxd4 Rac8 18. c3 Qa5 19. a3 Rfd8 20. Nc4 Qa4
21. Qxd8+ Rxd8 22. Rxd8+ Kg7 23. Ne3 Qf4 24. Rd2 Be6 25. b4 a5 26. Kb2 h5 27.
g3 Qe4 28. Rhd1 Qc6 29. Rd4 Qa4 30. Nd5 Kh6 31. R1d3 Kg7 32. Rd2 Kh6 33. bxa5
Qxa5 34. Nf4 Bf5 35. Rb4 Qa6 36. Ne2 Bd3 37. Nd4 Bc4 38. a4 Kg7 39. Nb5 Qe6 40.
Nd6 Bd5 41. Nxb7 Bc6 42. Nc5 Qe1 43. Nb3 Be4 44. a5 Qb1+ 45. Ka3 Bd3 46. c4 Bc2
47. Rxc2 Qxc2 48. a6 Qxf2 49. c5 Qf3 50. a7 Qa8 51. Ra4 Kf6 52. c6 Ke7 53. Ra6
Kd6 54. Kb4 Kd5 55. Kb5 f6 56. Nc5 g5 57. Nd7 Kd6 58. Nb8 Kc7 59. Ra1 gxh4 60.
gxh4 f5 61. Ka6 f4 62. Rf1 Kd6 63. Rxf4 Kc7 64. Rf5 Kd6 65. Rxh5 Kc7 66. Rg5
1-0

[Event "22nd European Club Cup 2006"]
[Site "?"]
[Date "2006.10.14"]
[Round "7"]
[White "Korneev, Oleg"]
[Black "Gulbas, Cemil"]
[Result "1-0"]
[WhiteElo "2657"]
[BlackElo "2379"]
[PlyCount "67"]
[EventDate "2006.10.08"]

1. e4 d6 2. d4 Nf6 3. Nc3 g6 4. f4 Bg7 5. Nf3 O-O 6. Bd3 Na6 7. O-O c5 8. d5
Nc7 9. a4 Bg4 10. h3 Bxf3 11. Qxf3 Nd7 12. Bd2 b6 13. g4 a6 14. Kg2 Rb8 15. h4
b5 16. g5 c4 17. Be2 f5 18. axb5 axb5 19. Be3 fxe4 20. Qxe4 Nc5 21. Bxc5 dxc5
22. Bg4 Rb6 23. Ra7 Kh8 24. Re1 Rf7 25. h5 Qd6 26. h6 Bxc3 27. bxc3 Kg8 28. Qe5
Qxd5+ 29. Kg3 Qxe5 30. Rxe5 e6 31. Rxc5 Ne8 32. Ra8 Re7 33. Bf3 Kf7 34. Rcc8
1-0

[Event "22nd European Club Cup 2006"]
[Site "?"]
[Date "2006.10.14"]
[Round "7"]
[White "Hautot, Stephane"]
[Black "Popov, Valerij"]
[Result "0-1"]
[WhiteElo "2368"]
[BlackElo "2591"]
[PlyCount "88"]
[EventDate "2006.10.08"]

1. e4 c5 2. c4 Nc6 3. Nc3 g6 4. g3 Bg7 5. Bg2 a6 6. a4 d6 7. d3 Nf6 8. Nge2 Nd7
9. O-O Nf8 10. f4 Ne6 11. f5 Ned4 12. Nxd4 Nxd4 13. Nd5 Nc6 14. Bg5 Bxb2 15.
Rb1 Bd4+ 16. Kh1 a5 17. Qf3 f6 18. Bd2 Ne5 19. Qe2 Ra6 20. Bh3 b6 21. Rb3 Nc6
22. Qg4 O-O 23. Nf4 Qe8 24. Ra3 Bb2 25. Ra2 Be5 26. Nd5 Qf7 27. Qd1 Nb4 28.
fxg6 hxg6 29. Bxc8 Rxc8 30. Ra3 Kg7 31. Qg4 Rh8 32. Ne3 e6 33. Qf3 Bb2 34. Rb3
Bd4 35. Ng4 Ra7 36. Kg2 Rd7 37. h4 Rh5 38. Ne3 Qe8 39. Rh1 Rf7 40. g4 Rh7 41.
Ra3 Qh8 42. Rb3 Qe8 43. Ra3 Rf8 44. Kg3 Bb2 0-1

[Event "22nd European Club Cup 2006"]
[Site "?"]
[Date "2006.10.14"]
[Round "7"]
[White "Brkic, Ante"]
[Black "Asrian, Karen"]
[Result "1/2-1/2"]
[WhiteElo "2541"]
[BlackElo "2634"]
[PlyCount "47"]
[EventDate "2006.10.08"]

1. e4 c6 2. d4 d5 3. exd5 cxd5 4. c4 Nf6 5. Nc3 Nc6 6. Nf3 Bg4 7. cxd5 Nxd5 8.
Qb3 Bxf3 9. gxf3 e6 10. Qxb7 Nxd4 11. Bb5+ Nxb5 12. Qc6+ Ke7 13. Qxb5 Qd7 14.
Nxd5+ Qxd5 15. Qxd5 exd5 16. O-O Ke6 17. Re1+ Kf5 18. Be3 Be7 19. Rad1 Rhd8 20.
Rd4 g5 21. Red1 Ke6 22. Re1 Kf5 23. Red1 Ke6 24. Re1 1/2-1/2

[Event "22nd European Club Cup 2006"]
[Site "?"]
[Date "2006.10.14"]
[Round "7"]
[White "Golubovic, Boris"]
[Black "Minasian, Artashes"]
[Result "1/2-1/2"]
[WhiteElo "2442"]
[BlackElo "2596"]
[PlyCount "66"]
[EventDate "2006.10.08"]

1. e4 c6 2. d4 d5 3. Nc3 dxe4 4. Nxe4 Bf5 5. Ng3 Bg6 6. h4 h6 7. Nf3 Nd7 8. Bd3
Bxd3 9. Qxd3 Ngf6 10. Bd2 Qc7 11. O-O-O e6 12. Qe2 O-O-O 13. Ne5 Nb6 14. Ba5
Rd5 15. Bxb6 axb6 16. c4 Ra5 17. Kb1 Bd6 18. f4 Qe7 19. Ne4 Nxe4 20. Qxe4 Kc7
21. Rh3 Rha8 22. a3 Bxa3 23. c5 Bxb2 24. Kxb2 f5 25. Qe1 Ra2+ 26. Kb1 Ra1+ 27.
Kc2 R1a2+ 28. Kb1 bxc5 29. Nc4 Ra1+ 30. Kc2 R1a2+ 31. Kb1 Ra1+ 32. Kc2 R1a2+
33. Kb1 Ra1+ 1/2-1/2

[Event "22nd European Club Cup 2006"]
[Site "?"]
[Date "2006.10.14"]
[Round "7"]
[White "Anastasian, Ashot"]
[Black "Bogut, Zeljko"]
[Result "1-0"]
[WhiteElo "2580"]
[BlackElo "2444"]
[PlyCount "109"]
[EventDate "2006.10.08"]

1. c4 f5 2. Nf3 Nf6 3. g3 g6 4. Bg2 Bg7 5. O-O d6 6. d4 O-O 7. Nc3 Nc6 8. d5
Ne5 9. b3 Nxf3+ 10. exf3 e5 11. dxe6 Bxe6 12. f4 d5 13. Ba3 Re8 14. cxd5 Nxd5
15. Nxd5 Bxa1 16. Qxa1 Bxd5 17. Rd1 c6 18. Qc3 Re2 19. Bb2 Rxb2 20. Qxb2 Qe7
21. Bxd5+ cxd5 22. Qd4 Qd6 23. h4 h5 24. Qxd5+ Qxd5 25. Rxd5 Rf8 26. Kf1 Rf7
27. Ke2 Rc7 28. Kd3 Kf7 29. Rd6 Re7 30. a4 Re6 31. Rd7+ Re7 32. Rd8 Ke6 33. Rg8
Kf7 34. Ra8 Rd7+ 35. Kc4 Ke6 36. a5 a6 37. Re8+ Kf7 38. Rb8 Rc7+ 39. Kd5 Ke7
40. b4 Kd7 41. Rg8 Rc6 42. Rg7+ Kc8 43. Re7 Rc2 44. Re6 Rxf2 45. Rxg6 Rf3 46.
Kc5 Rb3 47. Rg5 Kc7 48. Rxh5 Rc3+ 49. Kd4 Rxg3 50. Rxf5 Rh3 51. h5 Rb3 52. Rf7+
Kc8 53. h6 Rxb4+ 54. Kc5 Rb5+ 55. Kd6 1-0

[Event "22nd European Club Cup 2006"]
[Site "?"]
[Date "2006.10.14"]
[Round "7"]
[White "Zivkovic, Vjekoslav"]
[Black "Petrosian, Tigran L"]
[Result "1/2-1/2"]
[WhiteElo "2412"]
[BlackElo "2573"]
[PlyCount "52"]
[EventDate "2006.10.08"]

1. e4 c5 2. Nf3 d6 3. d4 cxd4 4. Nxd4 Nf6 5. Nc3 g6 6. Be3 Bg7 7. f3 O-O 8. Qd2
Nc6 9. Bc4 Bd7 10. O-O-O Rc8 11. Bb3 Nxd4 12. Bxd4 b5 13. Nd5 Nxd5 14. Bxg7
Kxg7 15. exd5 a5 16. a3 b4 17. axb4 axb4 18. Qxb4 Kg8 19. Rhe1 Re8 20. Rd4 Rc5
21. Kd1 Qa8 22. Qd2 Qa1+ 23. Qc1 Qa6 24. Qh6 Qa1+ 25. Qc1 Qa6 26. Qh6 Qa1+
1/2-1/2

[Event "22nd European Club Cup 2006"]
[Site "?"]
[Date "2006.10.14"]
[Round "7"]
[White "Yegiazarian, Arsen"]
[Black "Rade, Miroslav"]
[Result "0-1"]
[WhiteElo "2507"]
[BlackElo "2425"]
[PlyCount "98"]
[EventDate "2006.10.08"]

1. Nf3 Nf6 2. c4 c5 3. Nc3 Nc6 4. e3 e5 5. d4 cxd4 6. exd4 e4 7. Ne5 Bb4 8. Be2
Qa5 9. Nxc6 dxc6 10. O-O O-O 11. Bd2 Re8 12. a3 Bxc3 13. Bxc3 Qf5 14. f3 Qg6
15. fxe4 Bh3 16. Bf3 Nxe4 17. Rc1 f5 18. Rc2 Bg4 19. h3 Bxf3 20. Qxf3 Ng3 21.
Re1 Ne4 22. Rce2 h5 23. Re3 Rad8 24. Qf4 b5 25. Rf1 Rf8 26. cxb5 cxb5 27. Qe5
a6 28. Ref3 Rfe8 29. Qf4 Rd5 30. Kh2 Kh7 31. Ba5 Nf6 32. Rg3 Qh6 33. Qxh6+ Kxh6
34. Bc7 Nd7 35. Bf4+ Kh7 36. Be5 Nxe5 37. dxe5 Rexe5 38. Rc1 h4 39. Rgc3 Re2
40. R1c2 Rdd2 41. Rxd2 Rxd2 42. Rc6 g5 43. Rxa6 g4 44. hxg4 fxg4 45. Kg1 g3 46.
Kf1 Rf2+ 47. Kg1 Rxb2 48. Kf1 Rb1+ 49. Ke2 h3 0-1

[Event "22nd European Club Cup 2006"]
[Site "?"]
[Date "2006.10.14"]
[Round "7"]
[White "Huzman, Alexander"]
[Black "Van Wely, Loek"]
[Result "1/2-1/2"]
[WhiteElo "2585"]
[BlackElo "2676"]
[PlyCount "28"]
[EventDate "2006.10.08"]

1. c4 Nf6 2. Nc3 c5 3. g3 e6 4. Nf3 b6 5. Bg2 Bb7 6. O-O Be7 7. b3 O-O 8. e3 d6
9. Bb2 Nbd7 10. d4 Ne4 11. Qe2 Ndf6 12. Rfd1 Qc7 13. Rac1 Nxc3 14. Bxc3 Rac8
1/2-1/2

[Event "22nd European Club Cup 2006"]
[Site "?"]
[Date "2006.10.14"]
[Round "7"]
[White "Zhang, Pengxiang"]
[Black "Roiz, Michael"]
[Result "1/2-1/2"]
[WhiteElo "2636"]
[BlackElo "2611"]
[PlyCount "60"]
[EventDate "2006.10.08"]

1. e4 c5 2. Nf3 d6 3. d4 cxd4 4. Nxd4 Nf6 5. Nc3 a6 6. g3 e5 7. Nde2 Be7 8. Bg2
Nbd7 9. a4 b6 10. O-O Bb7 11. Be3 O-O 12. h3 Nc5 13. Nd5 Nxd5 14. exd5 a5 15.
Nc3 Ba6 16. Re1 f5 17. Rb1 Bg5 18. Bxg5 Qxg5 19. b4 axb4 20. Rxb4 Nd7 21. Bf1
Bxf1 22. Rxf1 Qh6 23. Kg2 Rfc8 24. Nb5 Nc5 25. f4 Qf6 26. fxe5 Qxe5 27. Nd4
Qxd5+ 28. Qf3 Qxf3+ 29. Rxf3 Rxa4 30. Nxf5 Rxb4 1/2-1/2

[Event "22nd European Club Cup 2006"]
[Site "?"]
[Date "2006.10.14"]
[Round "7"]
[White "Golod, Vitali"]
[Black "Bauer, Christian"]
[Result "1/2-1/2"]
[WhiteElo "2582"]
[BlackElo "2589"]
[PlyCount "42"]
[EventDate "2006.10.08"]

1. d4 e6 2. c4 Bb4+ 3. Bd2 a5 4. Nf3 Nf6 5. g3 O-O 6. Bg2 b6 7. O-O Ba6 8. Qc2
c5 9. Bg5 cxd4 10. Nxd4 Ra7 11. Nc3 Bxc3 12. Qxc3 Rc7 13. b3 h6 14. Bxf6 Qxf6
15. Qe3 Rc5 16. Rad1 d5 17. cxd5 exd5 18. Rfe1 Nd7 19. Qf4 Qxf4 20. gxf4 Re8
21. e3 Nf6 1/2-1/2

[Event "22nd European Club Cup 2006"]
[Site "?"]
[Date "2006.10.14"]
[Round "7"]
[White "Hamdouchi, Hichem"]
[Black "Khmelniker, Ilya"]
[Result "1-0"]
[WhiteElo "2582"]
[BlackElo "2404"]
[PlyCount "85"]
[EventDate "2006.10.08"]

1. e4 e5 2. Nf3 Nc6 3. Bb5 a6 4. Ba4 Nf6 5. O-O Nxe4 6. d4 b5 7. Bb3 d5 8. dxe5
Be6 9. c3 Be7 10. Re1 O-O 11. Nd4 Nxd4 12. cxd4 Bf5 13. f3 Ng5 14. Nc3 c6 15.
g4 Bc8 16. f4 b4 17. Na4 Ne4 18. f5 Bh4 19. Re2 a5 20. Rc2 Ba6 21. Be3 Bb5 22.
Rac1 Bg5 23. Qf3 h6 24. Rg2 Re8 25. Re1 Bh4 26. Rd1 Bg5 27. Bf4 Qe7 28. Qe3 Bh4
29. Rc1 Qa7 30. Nc5 a4 31. Bd1 Rad8 32. h3 Be7 33. g5 hxg5 34. f6 gxf6 35. Kh1
Bxc5 36. Rxc5 Bf1 37. Rg1 Bxh3 38. exf6 Bf5 39. Rc2 Bg6 40. Rh2 Nxf6 41. Bxg5
Kg7 42. Bxf6+ Kxf6 43. Rf1+ 1-0

[Event "22nd European Club Cup 2006"]
[Site "?"]
[Date "2006.10.14"]
[Round "7"]
[White "Dvoirys, Semen"]
[Black "Gomez Esteban, Juan Mario"]
[Result "1/2-1/2"]
[WhiteElo "2553"]
[BlackElo "2486"]
[PlyCount "85"]
[EventDate "2006.10.08"]

1. e4 c6 2. Nc3 d5 3. Nf3 Bg4 4. d3 dxe4 5. Nxe4 Nd7 6. Be2 Ngf6 7. Ng3 e6 8.
h3 Bxf3 9. Bxf3 Bd6 10. Ne4 Nxe4 11. dxe4 Qc7 12. g3 O-O-O 13. Qd4 Bc5 14. Qc3
h5 15. h4 Qd6 16. Kf1 Ne5 17. Kg2 Bd4 18. Qb3 Qc5 19. Rf1 Nxf3 20. Kxf3 Qb6 21.
c3 Qa6 22. Rd1 Bb6 23. Be3 Bxe3 24. Kxe3 Qa5 25. Qb4 Qc7 26. Qc5 b6 27. Rxd8+
Rxd8 28. Qxh5 Qd6 29. Qe2 Qc5+ 30. Kf4 f6 31. Re1 g5+ 32. hxg5 Rd2 33. Qe3
Qxg5+ 34. Kf3 Qh5+ 35. Kg2 Rxb2 36. Qd4 Qf7 37. Rd1 Qe7 38. e5 fxe5 39. Qxe5
Qf7 40. Qd4 Kb7 41. a4 Qf5 42. a5 Qd5+ 43. Qxd5 1/2-1/2

[Event "22nd European Club Cup 2006"]
[Site "?"]
[Date "2006.10.14"]
[Round "7"]
[White "Gonzalez De La Torre, Sant"]
[Black "Greenfeld, Alon"]
[Result "1-0"]
[WhiteElo "2357"]
[BlackElo "2567"]
[PlyCount "67"]
[EventDate "2006.10.08"]

1. e4 c5 2. Nf3 d6 3. d4 cxd4 4. Nxd4 Nf6 5. Nc3 Nc6 6. Bg5 e6 7. Qd2 a6 8.
O-O-O Bd7 9. f3 Be7 10. Be3 b5 11. Kb1 Ne5 12. a3 Rc8 13. g4 O-O 14. h4 b4 15.
axb4 d5 16. g5 Nh5 17. Bxa6 Ra8 18. b5 Bb4 19. exd5 exd5 20. Nb3 Nc4 21. Qd4
Be6 22. Bf2 Qc7 23. Nxd5 Bxd5 24. Qxd5 Nf4 25. Qd7 Qb8 26. Bg3 Bc3 27. bxc3
Na3+ 28. Kb2 Nc4+ 29. Ka2 Qb6 30. Bxf4 Ra7 31. Qd4 Qxb5 32. Qxa7 Qa4+ 33. Kb1
Na3+ 34. Kc1 1-0